<?xml version="1.0" encoding="UTF-8"?>
<collection xmlns="http://www.loc.gov/MARC21/slim">
 <record>
  <leader>00799nam a22002175a 4500</leader>
  <controlfield tag="001">EHU.bham022405</controlfield>
  <controlfield tag="003">AR-BHAM</controlfield>
  <controlfield tag="005">20101119133843.0</controlfield>
  <controlfield tag="008">130507s1998##################000#0#####d</controlfield>
  <datafield tag="082" ind1="5" ind2="7">
   <subfield code="a">571.09821</subfield>
  </datafield>
  <datafield tag="100" ind1="1" ind2=" ">
   <subfield code="a">Bayon, Cristina</subfield>
  </datafield>
  <datafield tag="245" ind1="1" ind2="0">
   <subfield code="a">Las huellas del pasado: pisadas humanas prehistoricas en la costa pampeana :</subfield>
   <subfield code="b">en revista ciencia hoy /</subfield>
   <subfield code="c">Cristina Bayon , Gustavo Politis ,</subfield>
  </datafield>
  <datafield tag="260" ind1=" " ind2=" ">
   <subfield code="a">Buenos Aires :</subfield>
   <subfield code="b">Ciencia Hoy,</subfield>
   <subfield code="c">1998</subfield>
  </datafield>
  <datafield tag="300" ind1=" " ind2=" ">
   <subfield code="a">12-20 p.p.</subfield>
  </datafield>
  <datafield tag="500" ind1=" " ind2=" ">
   <subfield code="a">Ejemplar £nico de la revista.-</subfield>
  </datafield>
  <datafield tag="653" ind1=" " ind2=" ">
   <subfield code="a">Arqueologia-argentina-monte hermoso</subfield>
  </datafield>
  <datafield tag="653" ind1=" " ind2=" ">
   <subfield code="a">Arqueologia-argentina-prov. buenos aires</subfield>
  </datafield>
  <datafield tag="653" ind1=" " ind2=" ">
   <subfield code="a">Arqueologia-revista</subfield>
  </datafield>
  <datafield tag="653" ind1=" " ind2=" ">
   <subfield code="a">Arqueologia-investigaciones</subfield>
  </datafield>
  <datafield tag="700" ind1="1" ind2=" ">
   <subfield code="a">Politis, Gustavo</subfield>
  </datafield>
  <datafield tag="859" ind1=" " ind2=" ">
   <subfield code="a">AR-BHAM</subfield>
   <subfield code="b">BIB. HUMANIDADES - General</subfield>
   <subfield code="h">571.09821</subfield>
   <subfield code="i">B345</subfield>
   <subfield code="p">175.33</subfield>
   <subfield code="t">Ej.1</subfield>
  </datafield>
 </record>
</collection>
